00561nam a22001337a 4500020001600000082001000016100008000026245013300106260003800239300002600277650004200303700002500345856005700370 qHard Cover. a621.3 aAmina Eman Shorish, Muhammd Momin Salman, Ramsha Zameer, Warda Bomete Masna aNeoSense : Neonatal Vital Sensing and Diagnostics /cAmina Eman Shorish, Muhammd Momin Salman, Ramsha Zameer, Warda Bomete Masna aIslamabad :bSEECS - NUST,c2019. a50 p. : ill. ;c30cm. aElectrical Engineering-Project Report aDr. Syed Ali Hassan. uhttp://10.250.8.41:8080/xmlui/handle/123456789/29573